Laddar...

Educational psychology and children /

Bibliografiska uppgifter
Huvudupphovsman: Lovell, K.
Materialtyp: Printed Book
Språk:English
Publicerad: University of London, 1969.
Upplaga:10th ed.
Ämnen:
LEADER 00770nam a2200157Ia 4500
008 150624b xxu||||| |||| 00| 0 eng d
082 |a 370.15 
100 |a Lovell, K. 
245 |a Educational psychology and children /  |c K. Lovell 
250 |a 10th ed. 
260 |b University of London,  |c 1969. 
505 |a 1. MOtivation 2. Human abilities and their measurement 3. Personality and its measurement 4. Observing and attending 5. Imagery and thinking 6. Maturation 7. Learing 8. Remembering and forgetting 9. Transfer of training 10. Educational assessment and guid 
650 |x Educational psychology. 
942 |c BK 
999 |c 2549  |d 2549 
952 |0 0  |1 0  |4 0  |6 370_150000000000000_LOV_E  |7 0  |9 2548  |a UL  |b UL  |c ST1  |d 1998-09-01  |l 7  |o 370.15 LOV/E  |p 5067  |r 2019-10-01  |s 2019-09-07  |w 2012-10-27  |y BK